Japan a short cultural history
Uloženo v:
| Hlavní autor: | |
|---|---|
| Médium: | Kniha |
| Jazyk: | Undetermined |
| Vydáno: |
New York
Appleton-Century-Crofts
1943
|
| Tagy: |
Přidat tag
Žádné tagy, Buďte první, kdo otaguje tento záznam!
|
| Thư viện lưu trữ: | Trung tâm Học liệu Trường Đại học Cần Thơ |
|---|
| LEADER | 00443nam a2200169Ia 4500 | ||
|---|---|---|---|
| 001 | CTU_111913 | ||
| 008 | 210402s9999 xx 000 0 und d | ||
| 082 | |a 952 | ||
| 082 | |b S229 | ||
| 100 | |a Sansom, G. B. | ||
| 245 | 0 | |a Japan a short cultural history | |
| 245 | 0 | |c G. B. Sansom | |
| 260 | |a New York | ||
| 260 | |b Appleton-Century-Crofts | ||
| 260 | |c 1943 | ||
| 904 | |i Hiếu | ||
| 980 | |a Trung tâm Học liệu Trường Đại học Cần Thơ | ||